000 00245nam a22001097a 4500
040 _cSK
082 _a300
100 _aសួស ចំណាន
245 _aការស្រោចស្រព
260 _aRUA
_bសួស
_c2011
942 _cEK
999 _c10358
_d10358